000 00417nam a2200133Ia 4500
008 100328s9999 xx 000 0 und d
082 _b71308
100 _aकदम माधव
245 _aसिंधुदुर्ग दर्शन
260 _bसोनाली.
630 _aसिंधुदुर्ग दर्शन
730 _aसिंधुदुर्ग दर्शन
942 _cBOOK
999 _c557032
_d557029